| 000 | 01599nam0a2200349 4500 | ||
|---|---|---|---|
| 001 | RU\NLR\BIBL_A\022407964 | ||
| 005 | 20250131134725.0 | ||
| 010 |
_a978-5-17-149238-0 _97000 |
||
| 021 |
_aRU _bКН-П-24-068328 _9КН-П-24-6815 |
||
| 035 | _a(NLR Aleph) 022407964 | ||
| 090 |
_a13335228 _c13335228 |
||
| 100 | _a20241210d2024 u y0rusy50 ca | ||
| 101 | 0 | _arus | |
| 102 | _aRU | ||
| 105 | _aa|||z|||000ay | ||
| 181 | 0 |
_ai _bxxxe |
|
| 182 | 0 | _an | |
| 200 | 1 |
_aНе бойся быть собой _e[сборник рассказов] _fРинат Валиуллин _gрисунки автора |
|
| 203 |
_aТекст _bвизуальный _cнепосредственный |
||
| 210 |
_aМосква _cАСТ _d2024 |
||
| 215 |
_a224 с. _cил. _d17 |
||
| 225 | 1 | _aПроза для гурманов | |
| 320 | _aДругие кн. авт. на задней сторонке пер. | ||
| 327 | 1 | _aСодерж.: Прогулка с собакой по берегу моря ; Няня ; Бар ; На мосту ; Стихи на коже ; Не бойся быть собой ; Девочка-вамп ; Кунни линь гу ; Искусство быть мамой ; Эволюция поцелуя ; Прогулка с собакой по берегу моря — 2 | |
| 333 | _a18+ | ||
| 686 | 2 | _aШ6(2=Р)8-440.5 | |
| 700 | 1 |
_aВалиуллин _bР. Р. _f1969- _gРинат Рифович _3RU\NLR\AUTH\770159575 |
|
| 942 | _cBOOK | ||
| 980 | _aNB | ||